Countries Based on First Two Letters #2 - Statistics

General Stats
  • This quiz has been taken 88 times
    69 since last reset
  • The average score is 15 of 17
Answer Stats
First Two Letters Country % Correct
RW Rwanda
98%
UK Ukraine
98%
ZA Zambia
98%
IC Iceland
97%
OM Oman
97%
UZ Uzbekistan
97%
VE Venezuela
97%
DJ Djibouti
95%
DE Denmark
92%
KU Kuwait
92%
ET Ethiopia
87%
EG Egypt
84%
EQ Equatorial Guinea
84%
KY Kyrgyzstan
84%
KA Kazakhstan
81%
KO Kosovo
79%
CE Central African Republic
53%
No matching quizzes found
Score Distribution
Percent of People with Each Score
Percentile by Number Answered
Your Score History
You have not taken this quiz since the last reset